000
00332 a2200145 4500
001
151920
040
_c
Escola São Tomás de Aquino
100
_a
MALDONADO, Maria Teresa
240
1
0
_a
Redes solidárias
_l
por
245
1
0
_a
Redes solidárias
300
_a
94
440
1
_a
Saraiva
697
_a
*LITERATURA JUVENIL
942
_c
BK
999
_c
151920
_d
151920